Study on the tortious liability of government (Record no. 485687)

000 -LEADER
fixed length control field 00490cam a22001457a 4500
008 - FIXED-LENGTH DATA ELEMENTS--GENERAL INFORMATION
fixed length control field 180718b1998 xxu||||| |||| 00| 0 eng d
082 ## - DEWEY DECIMAL CLASSIFICATION NUMBER
Classification number APPPA 97-98 DAS/4
100 ## - MAIN ENTRY--PERSONAL NAME
Personal name Dasgupta, S.K.
245 ## - TITLE STATEMENT
Title Study on the tortious liability of government
Statement of responsibility, etc. by S.K. Dasgupta
260 ## - PUBLICATION, DISTRIBUTION, ETC.
Place of publication, distribution, etc. New Delhi
Name of publisher, distributor, etc. Indian Institute of Public Administration
Date of publication, distribution, etc. 1998
300 ## - PHYSICAL DESCRIPTION
Extent 133p.
500 ## - GENERAL NOTE
General note An APPPA M.Phil. dissertation, 1997-98
650 ## - SUBJECT ADDED ENTRY--TOPICAL TERM
Topical term or geographic name entry element APPPA
650 ## - SUBJECT ADDED ENTRY--TOPICAL TERM
Topical term or geographic name entry element India - Officials and employes - Compensation
Holdings
Withdrawn status Lost status Damaged status Not for loan Permanent Location Current Location Date acquired Full call number Barcode Date last seen Price effective from Koha item type
        Indian Institute of Public Administration Indian Institute of Public Administration 2018-08-04 APPPA 97-98 DAS/4 GR14776 2018-08-04 2018-08-04 GR

Powered by Koha